000 00512nam a22001217a 4500
008 110705t xxu||||| |||| 00| 0 eng d
010 _aCACF74
245 _aCourt of Appeal Civil Reference No. 10 OF 2000 Emmanuel Akiika Othieno Vs Akisoferi Ogola
260 _c2000
500 _aCORAM: HON. G.M. OKELLO, J.A
999 _c4521
_d4521